Waluty Oceanii - Statystyki

Ogólne statystyki
  • Ten quiz został rozwiązany 9 razy
  • Średni wynik to 11 z 14
Statystyki odpowiedzi
Państwo Waluta % Poprawnych
Australia Dolaraustralijski
100%
Mikronezja Dolaramerykański
88%
Palau Dolar amerykański
88%
WyspyMarshalla Dolaramerykański
88%
Kiribati Dolaraustralijski
88%
Nauru Dolaraustralijski
88%
Tuvalu Dolaraustralijski
88%
Nowa Zelandia Dolarnowozelandzki
88%
Fidżi Dolar fidżi
88%
WyspySalomona Dolar wyspSalomona
88%
Papua-NowaGwinea Kina
63%
Vanuatu Vatu
63%
Tonga Pa'anga
50%
Samoa Tala
50%
Nie znaleziono quizów pasujących do podanych kryteriów
Rozkład punktacji
Procent ludzi z każdym wynikiem
Percentyl według liczby udzielonych odpowiedzi
Twoja historia wyników
Nie rozwiązałeś tego quizu